000
00474nam a2200181Ia 4500
008
090124s9999 xx 000 0 und d
082
_b
121900
100
_a
दिघे प्रभाकर
245
_a
अभिमान
250
_a
1
260
_c
1987
300
_a
206
600
_a
दिघे प्रभाकर
630
_a
अभिमान
700
_a
दिघे प्रभाकर
730
_a
अभिमान
942
_c
BOOK
999
_c
167986
_d
167986